000 00872nam a2200265 i 4500
001 134432
003 ES-MaACL
005 20230906194654.0
007 t|
008 070910s1986 xxr ||||1| eng d
080 _a623.46
080 _a355.02
080 _a355.02(47+57)
245 0 0 _aWeaponry in space
_b: the dilemma of security /
_cedited by Yevgeni Velikhov, Roald Sagdeev, Andrei Kokoshin ; [translated into English by Alexander Repyev].
260 _aMoscow :
_bMir,
_c[1986]
300 _a147 p. ;
_c22 cm.
650 1 4 _aArmas espaciales.
_99969
650 1 4 _aDefensa nacional.
_911546
651 4 _aURSS-
_xPolítica militar.
_99480
700 1 _aVelijov, Evgueniï Pavlovich.
_9113838
700 1 _aSagdeev, R. Z.
_9101431
700 1 _aKokoshkin, Andreï Afanas'evich.
_968504
700 1 _aRepyev, Alexander.
_996278
852 _aES-MaACL
_jG-2999
999 _c134432
_d134432